000 01878 a2200205 4500
999 _c10651
_d10651
020 _a9781408854150
050 _aPR823.92
_bBAR 2014
100 _aBarker, Raffaella
_d1964-
_eauthor
245 _aFrom a distance /
_cRaffaella Barker
264 _aLondon :
_bBloomsbury,
_c 2014.
300 _a328 pages ; 22 cm
336 _1text
_2txt
_ardacontent
337 _1unmediated
_2n
_ardamedia
338 _1volume
_2nc
_ardacarrier
520 _aIn April 1946 Michael returns from war and finds he cannot face the life that awaits him at home. Impulsively he leaps on a train to the western tip of Cornwall, and in doing so changes his destiny. He finds himself in a bohemian colony of artists gathered on the Cornish coast, and his fate is shaped by his heart, his new environment, and the fragmented Britain to which he has returned. More than fifty years later, a man arrives in Norfolk to claim--reluctantly--his inheritance: an abandoned lighthouse, half hidden in the shadows of the past, now ready to cast its beam forward. Kit, a successful businessman, is fairly certain he wants no part in this legacy. In a farmhouse, a woman falters in the middle of her life. Louisa's children are leaving home and the constant push and pull of family life has turned like the tide of the Norfolk sea--she is suspended, without direction. When Kit and Louisa meet, neither can escape the consequences of Michael's split-second decision all those years ago. Moving between the postwar artists' colony in Cornwall and present-day Norfolk, Raffaella Barker's new novel explores the secrets and flaws that can shape generations. 'From a Distance' is a nuanced and compelling story of human connection and our desire to belong
650 _aMan-woman relationships
_xFiction
650 _aLife change events
_xFiction
650 _aFamilies
_xFiction
942 _2lcc
_cBK
_h823.92
_iBAR
_kPR